|
|
|
|
| LEADER |
01172nam a2200337 a 4500 |
| 001 |
GR-Patra12090 |
| 008 |
991024u1999 mau me 0 eng d |
| 020 |
|
|
|a 0890064083
|
| 040 |
|
|
|a GrPaTEI
|b gre
|c GR-PaULI
|
| 040 |
|
|
|a GrPaTEI
|b gre
|c GR-PaULI
|
| 082 |
|
0 |
|a 621.382 16
|2 21
|
| 110 |
|
|
|a b
|
| 245 |
1 |
0 |
|a Practical Multiservice LANs :
|b ATM and RF Broadband /
|c Ernest O. Tunman.
|
| 246 |
0 |
3 |
|a ΒΙΒ.ΜΑΝΑΤΖΜΕΝΤ
|
| 260 |
|
|
|a Boston :
|b Artech House,
|c c1999
|
| 300 |
|
|
|a xx, 387σ.
|a εικ.
|
| 490 |
1 |
|
|a Artech House telecommunications library
|
| 504 |
|
|
|a Bibliography: 367-370
|
| 650 |
|
0 |
|a ATM
|
| 650 |
|
0 |
|a COMMUNICATIONS
|
| 650 |
|
0 |
|a Computer networks
|
| 650 |
|
0 |
|a LAN
|
| 650 |
|
0 |
|a LOCAL AREA NETWORKS
|
| 650 |
|
0 |
|a NETWORKS
|
| 700 |
1 |
|
|a TUNMANN, ERNEST O.
|
| 710 |
0 |
|
|a Artech House
|
| 830 |
|
0 |
|1 00113694
|1 2001
|a Artech House telecomunications library
|
| 942 |
|
|
|2 ddc
|
| 952 |
|
|
|0 0
|1 0
|2 ddc
|4 0
|6 621_382160000000000_TUN
|7 0
|9 291893
|a LISK
|b LISK
|c BSC
|d 2021-01-17
|e 24
|f 0
|g 0.00
|l 0
|o 621.38216 TUN
|p 92410014678
|r 2021-01-17 00:00:00
|t 1
|w 2021-01-17
|y BK15
|x 20001012 0 1
|x GrPaTEI
|
| 971 |
|
|
|a .b26596052
|b 15-04-20
|c 23-09-16
|
| 999 |
|
|
|c 170542
|d 170542
|